00597nam a2200181 i 450000100060000000300090000600500170001500700030003200800410003510000190007624500760009526000450017130000210021650500870023774000340032474000360035885200210039485018ES-MaACL20230906175150.0t|041124s1936 sp ||||1| spa d1 aJos, Emiliano.13aEl General Dumourier en la Guerra de la Independencia / cEmiliano Jos. aMadrid : b[s.n.], c1936 (fC. Bermejo) a46 p. ; c25 cm.8 aContiene también: El Congreso de Americanistas y la Historia del Descubrimiento.3 aEl Congreso de Americanistas.3 aLa Historia del Descubrimiento. aES-MaACLjA-4620